000 00810nam a2200253 i 4500
001 178440
003 ES-MaACL
005 20230906220533.0
008 110527s1943 it f |||| |dita d
080 _a75(450)
080 _a75.034(450)5
100 1 _aBodmer, Enrico.
_9146785
245 1 3 _aIl Correggio e gli Emiliani /
_cEnrico Bodmer.
260 _aNovara :
_bIstituto geografico De Agostini,
_c[1943]
300 _aXLVI, 112 p. de lám. ;
_c25 cm.
490 1 _aStoria della pittura italiana ;
_v4
500 _aÍndices.
546 _aTexto en italiano.
650 4 _aPintura renacentista-
_zItalia.
_916077
710 2 _aIstituto geografico De Agostini.
_9173295
830 0 _aStoria della pittura italiana ;
_v4
_9190974
852 _aES-MaACL
_jE-15207
_xOlim P-940
999 _c178440
_d178440